| 000 | 01456 a2200265 4500 | ||
|---|---|---|---|
| 003 | Nust | ||
| 005 | 20220802133504.0 | ||
| 010 | _a 96078510 | ||
| 020 | _a1578700000 | ||
| 035 | _a(OCoLC)37190886 | ||
| 040 | _cNust | ||
| 082 | _a005.1,HOW | ||
| 100 | 1 |
_aHowes, Tim. _994853 |
|
| 245 | 1 | 0 |
_aLDAP : _bprogramming directory-enabled applications with lightweight directory access protocol / _cTim Howes, Mark Smith. |
| 246 | 3 | 0 | _aLightweight directory access protocol |
| 260 |
_aIndianapolis, Ind. : _bMacmillan Technical Publishing, _cc1997. |
||
| 300 |
_axv, 462 p. : _bill. ; _c24 cm. |
||
| 440 | 0 |
_aMacmillan technology series _996295 |
|
| 505 | _a Introduction (Page-1), A quick start guide to LDAP programming (Page-11) The LDAP models (Page-21), Preparing to program (Page-35), Overview of the LDAP API (Page-43), Initialization and configuration (Page-51), LDAP programming with threads (Page-67), Handling errors (Page-81), Search (Page-95), Search filters (Page-31), Compare (Page-167), Authentications (Page-179), Update (Page-199), LDAP URLs (Page-233), Using the LDAP to Build an Application (Page-251), LDAP Command Line Tools (Page-271), Using the Command Line Tools to Build Application (Page-295), Future Directions (Page-319). | ||
| 650 | 0 |
_aComputer network protocols. _981627 |
|
| 650 | 0 | _aComputer programming. | |
| 650 | 0 |
_aLDAP (Computer network protocol) _994855 |
|
| 700 | 1 | _aSmith, Mark. | |
| 942 |
_cBK _2ddc _k005.1,HOW |
||
| 999 |
_c217275 _d217275 |
||